000 00317cam a22001217a 4500
008 180718b1976 xxu||||| |||| 00| 0 eng d
082 _aB234 Si64
100 _aSingh, V.B.
245 _aCapitalism, socialism and India
_cby V.B. Singh
260 _aNew Delhi
_bSterling
_c1976
300 _a117p.
650 _aSocialism.
999 _c353544
_d353544